000 00779nam a2200205Ii 4500
003 JO-AjNU
008 230605s9999||||xx |||||||||||||| ||und||
040 _aJO-AjNU
_bara
_erda
_cJO-AjNU
041 _aara
050 1 4 _aPJ7860.A37.A16 1997
100 3 _aتأليف الرافعي،مصطفى صادق ؛ تحقيق وترجمة عبدالله المنشاوي,
_eauthor
_99736
245 0 0 _aرسائل الأحزان في فلسفة الجمال والحب
250 _aط1
264 3 1 _aالقاهرة:مكتبة الإيمان للنشر والتوزيع،1997
300 _a88ص
336 _atext
_btxt
_2rdacontent
337 _aunmediated
_bn
_2rdamedia
338 _avolume
_bnc
_2rdacarrier
650 4 _aالأدب العربي - الرسائل العربية
_99737
999 _aA1452
_c5020
_d5020